Sports Quiz

Random Sports or World Quiz

World Cup host cities Quiz Stats

 Plays Quiz not verified by Sporcle

Challenge
Share
Tweet
Embed
Score 0/143 Timer 12:00
0 Plays Today
Country City % Correct
ItalyRome
95.5%
FranceParis
95.5%
FranceSaint-Denis
95.5%
EnglandLondon
92.8%
EnglandManchester
87.3%
ItalyMilan
86.9%
MexicoMexico City
86.9%
West Germany, GermanyWest Berlin/Berlin
86.9%
United StatesPasadena
84.6%
West Germany, GermanyMunich
82.8%
EnglandLiverpool
81%
FranceMarseille
80.1%
FranceLyon
79.6%
ItalyTurin
78.7%
UruguayMontevideo
76.5%
EnglandBirmingham
75.6%
SpainBarcelona
75.6%
SpainMadrid
75.6%
South KoreaSeoul
75.6%
ItalyNaples
74.7%
BrazilRio de Janeiro
72.4%
West Germany, GermanyHamburg
70.1%
ItalyFlorence
69.7%
SwedenStockholm
69.2%
United StatesChicago
69.2%
South AfricaJohannesburg
68.8%
BrazilSao Paulo
66.5%
South AfricaCape Town
65.6%
West Germany, GermanyFrankfurt
65.2%
SwitzerlandBern
63.8%
ChileSantiago
62.9%
ArgentinaBuenos Aires
62.4%
United StatesDallas
62%
SwitzerlandZurich
60.2%
SpainValencia
60.2%
United StatesWashington DC
58.4%
West Germany, GermanyStuttgart
57.9%
FranceBordeaux
57%
United StatesFoxborough
57%
United StatesStanford
57%
South AfricaPretoria
56.1%
West Germany, GermanyDortmund
54.8%
MexicoGuadalajara
54.3%
SpainSeville
52.9%
ItalyGenoa
52%
SwitzerlandGeneva
52%
EnglandSheffield
52%
GermanyCologne
52%
Country City % Correct
FranceLille
50.7%
United StatesPontiac
50.7%
ItalyPalermo
48.9%
South AfricaDurban
48.9%
SpainBilbao
48.4%
SwedenGothenburg
48%
SwedenMalmo
48%
JapanYokohama
47.1%
JapanOsaka
46.2%
ItalyBari
44.3%
FranceToulouse
43.9%
ItalyBologna
43%
GermanyLeipzig
42.1%
West Germany, GermanyGelsenkirchen
41.2%
FranceNantes
40.7%
West Germany, GermanyHannover
40.3%
EnglandSunderland
39.8%
West GermanyDusseldorf
39.8%
South AfricaPort Elizabeth
38%
FranceStrasbourg
36.7%
SpainMalaga
36.7%
United StatesOrlando
36.7%
FranceLens
36.7%
EnglandMiddlesbrough
35.7%
JapanSapporo
35.7%
BrazilBelo Horizonte
35.3%
SwitzerlandBasel
34.4%
United StatesEast Rutherford
34.4%
MexicoMonterrey
33.5%
ItalyCagliari
33%
ItalyVerona
32.1%
FranceMontpellier
32.1%
BrazilRecife
31.7%
SpainLa Coruna
30.8%
JapanKobe
30.8%
South AfricaBloemfontein
30.3%
South AfricaRustenburg
29.9%
FranceSaint-Etienne
28.5%
SpainZaragoza
28.1%
South KoreaBusan
27.6%
ArgentinaCordoba
26.7%
ItalyUdine
26.2%
BrazilPorto Alegre
25.8%
GermanyKaiserslautern
24.4%
GermanyNuremberg
24.4%
ArgentinaRosario
24%
South KoreaIncheon
22.6%
SpainVigo
22.2%
Country City % Correct
SwitzerlandLausanne
21.7%
MexicoLeon
21.3%
SpainValladolid
19.5%
South KoreaDaegu
19%
South AfricaPolokwane
17.6%
FranceLe Havre
17.2%
SpainAlicante
17.2%
SpainGijon
16.3%
SwedenHelsingborg
15.4%
FranceReims
14.9%
BrazilCuritiba
14.9%
South AfricaNelspruit
14.9%
MexicoPuebla
13.6%
ItalyTrieste
13.1%
SpainOviedo
13.1%
ArgentinaMar del Plata
12.2%
South KoreaUlsan
11.8%
MexicoToluca
11.3%
SpainElche
11.3%
JapanSaitama
11.3%
ChileVina del Mar
10.9%
ArgentinaMendoza
10.9%
SwitzerlandLugano
10.4%
SwedenNorrkoping
10.4%
SwedenOrebro
10%
JapanNiigata
10%
MexicoNezahualcoyotl
9.5%
FranceAntibes
9%
SwedenHalmstad
9%
JapanOita
9%
South KoreaDaejeon
9%
South KoreaGwangju
9%
SwedenVasteras
8.6%
South KoreaJeonju
8.6%
South KoreaSuwon
8.6%
ChileArica
8.1%
South KoreaSeogwipo
8.1%
SwedenEskilstuna
7.7%
SwedenBoras
6.8%
ChileRancagua
6.8%
MexicoIrapuato
6.3%
SwedenUddevalla
5.4%
SwedenSandviken
3.6%
JapanKashima
2.7%
JapanRifu
2.3%
MexicoQueretario
1.8%
JapanFukuroi
0%

You're not logged in!

Compare scores with friends on all Sporcle quizzes.
OR
Log In

You Might Also Like...

Show Comments

Extras

Top Quizzes Today


Score Distribution

Your Account Isn't Verified!

In order to create a playlist on Sporcle, you need to verify the email address you used during registration. Go to your Sporcle Settings to finish the process.

Report this User

Report this user for behavior that violates our Community Guidelines.

Details: